Studies on the civilization of Islam /

محفوظ في:

المؤلف الرئيسي: Gibb, H. A. R., 1895-1971 (مؤلف)

مؤلفون آخرون: Polk, William R., 1929-, Shaw, Stanford J., 1930-2006.

التنسيق: كتاب

اللغة: English

منشور في: London : Routledge & K. Paul, 1962.

سلاسل: Beacon books on world affairs.

الموضوعات:

الوسوم: إضافة وسم

لا توجد وسوم, كن أول من يضع وسما على هذه التسجيلة!

رقم الطلب: D199.3 .G5 1962

LEADER 00944nam a2200265I 4500
001 4381
003 OSt
005 20251202123641.0
008 130303s1962 enk 000 0 eng d
010 |a 62007195 
040 |c ARCE Library 
050 4 |a D199.3 .G5 1962 
100 1 |a Gibb, H. A. R.,   |q (Hamilton Alexander Rosskeen),   |d 1895-1971,   |e author 
245 1 0 |a Studies on the civilization of Islam /   |c edited by Stanford J. Shaw and William R. Polk. 
264 1 |a London :   |b Routledge & K. Paul,   |c 1962. 
300 |a 369 pages ;  |c 22 cm. 
490 0 |a Beacon books on world affairs. 
500 |a "Articles ... drawn from a wide variety of publications over a span of nearly four decades." 
650 0 |a Civilization, Islamic. 
650 0 |a Islam  |x History. 
700 1 |a Polk, William R.,   |q (William Roe),   |d 1929-  |9 37747 
700 1 |a Shaw, Stanford J.,   |q (Stanford Jay),   |d 1930-2006. 
901 |a reviewed 
942 |c BK  |2 lcc 
999 |c 946  |d 946